| 000 | 01860nam a2200265 a 4500 | ||
|---|---|---|---|
| 003 | AM-YEHGA | ||
| 005 | 20250618075952.0 | ||
| 008 | 210812s2021 ai a|||frf||||001|0|arm|| | ||
| 020 | _a9789939790060 | ||
| 040 | _aAM-YeHGA | ||
| 041 | 0 | _aarm | |
| 100 | 1 |
_aԹոքմաջյան, Լևոն Վաչեի _98827 |
|
| 245 | 1 | 0 |
_aՍտվերների կառուցումը հեռանկարում : _bՈւսումնական ձեռնարկ / _cԼ.Վ. Թոքմաջյան ; Գրախոսներ՝ Ս. Կարապետյան, Հ. Շարաբխանյան ; [Խմբագիր՝ Ն.Ա. Խաչատրյան] ; ՀՀ կրթության, գիտության, մշակույթի և սպորտի նախարարություն ; Հայաստանի ազգային պոլիտեխնիկական համալսարան, Մեխանիկամեքենաշինական, տրանսպորտային համակարգերի և դիզայնի ինստիտուտ, Դիզայնի և կերպարվեստի ամբիոն. |
| 260 |
_aԵրևան : _bՃարտարագետ, _c2021. |
||
| 300 |
_a42 էջ : _bնկար ; _c20 սմ. |
||
| 650 | 1 | 4 |
_aՆերքին միջավայրի (ինտերիեր) դիզան _vՈւսումնական ձեռնարկներ |
| 700 |
_aԿարապետյան, Ս. _eթարգմ. _4rev _9538 |
||
| 700 | 1 |
_aՇարաբխանյան, Հ. _eգրախոս _4rev |
|
| 700 | 1 |
_aԽաչատրյան, Ն.Ա. _eխմբագիր _4edt |
|
| 710 | 2 | _aՀՀ կրթության, գիտության, մշակույթի և սպորտի նախարարություն | |
| 710 | 2 |
_aՀայաստանի ազգային պոլիտեխնիկական համալսարան : _bՄեխանիկամեքենաշինական, տրանսպորտային համակարգերի և դիզայնի ինստիտուտ : _bԴիզայնի և կերպարվեստի ամբիոն |
|
| 942 |
_2udc _cBK |
||
| 001 | 1785979 | ||
| 090 | _c517991 | ||
| 999 |
_c514466 _d514466 |
||